| 000 | 00438nam a2200133 a 4500 | ||
|---|---|---|---|
| 001 | 000044993 | ||
| 005 | 20201002045806.0 | ||
| 008 | 150128s1987 000 spa d | ||
| 040 |
_aDO-SdBNP _bspa _cBNPHU |
||
| 100 | 1 |
_aSiri Nuñez , Domingo _973006 |
|
| 245 | 3 |
_aLa Cigua Palmera :. : _bdecreto 31-87. |
|
| 260 |
_aSanto Domingo, República Dominicana, : _bSecretaría de Estado de Agricultura, _c1987. |
||
| 300 |
_a16 p. : _bil. : ; _c22 cm. |
||
| 999 |
_c44482 _d44482 |
||